Pays à 2 syllabes par ordre alphabétique (de K à N) - Statistiques

Statistiques générales
  • Ce quiz a été pris 34 fois
  • Le résultat moyen est 10 sur 15
Statistiques - réponses
Hint Réponse % Correct
M Maroc
84%
M (îles) Marshall
81%
K Kenya
77%
K Koweït
77%
M Mali
77%
N Niger
77%
L Laos
74%
L Liban
74%
L Libye
74%
N Népal
68%
N Nauru
58%
M Maldives
55%
M Maurice
52%
M Mexique
39%
N Niue
13%
Aucun quiz correspondant
Distribution des résultats
% des personnes avec chaque résultat
Percentile par nombre de réponses
Votre historique - résultats
Vous n’avez pas pris ce quiz